[Event "Ramos Mejia Memorial"]
[Site "Buenos Aires"]
[Date "2009.03.17"]
[Round "5"]
[White "Rodriguez Vila, Andres"]
[Black "Goldwaser, Christian"]
[Result "0-1"]
[WhiteElo "2524"]
[BlackElo "2356"]
[PlyCount "64"]
[EventDate "2009.03.14"]
[EventType "tourn"]
[EventRounds "11"]
[EventCountry "ARG"]
[EventCategory "2"]
[SourceTitle "CBM 129 Extra"]
[Source "ChessBase"]
[SourceDate "2009.05.05"]
[SourceVersion "2"]
[SourceVersionDate "2009.05.20"]
[SourceQuality "1"]

1. e4 c5 2. Nf3 d6 3. d4 Nf6 4. Nc3 cxd4 5. Nxd4 a6 6. h3 e6 7. g4 d5 8. Bg2 e5
9. Nf5 d4 10. Ne2 Nc6 11. O-O g6 12. Nfg3 Be6 13. f4 Bc5 14. Kh1 Nxg4 15. f5
Bd7 16. Qd3 h5 17. fxg6 fxg6 18. hxg4 hxg4+ 19. Kg1 Nb4 20. Nh5 gxh5 21. Qc4
Qe7 22. Bg5 d3+ 23. Kh1 Qxg5 24. Qxc5 dxe2 25. Rf5 Qh4+ 26. Kg1 e1=Q+ 27. Rxe1
Qxe1+ 28. Rf1 Qg3 29. Qc4 Nc6 30. Qf7+ Kd8 31. Rd1 Nd4 32. c3 Ne2+ 0-1

[Event "Ramos Mejia Memorial"]
[Site "Buenos Aires"]
[Date "2009.03.18"]
[Round "6"]
[White "Valiente, Cristobal"]
[Black "Rodriguez Vila, Andres"]
[Result "0-1"]
[WhiteElo "2254"]
[BlackElo "2524"]
[PlyCount "64"]
[EventDate "2009.03.14"]
[EventType "tourn"]
[EventRounds "11"]
[EventCountry "ARG"]
[EventCategory "2"]
[SourceTitle "CBM 129 Extra"]
[Source "ChessBase"]
[SourceDate "2009.05.05"]
[SourceVersion "2"]
[SourceVersionDate "2009.05.20"]
[SourceQuality "1"]

1. e4 d6 2. d4 g6 3. Nc3 a6 4. Bd3 b5 5. f4 b4 6. Nd5 e6 7. Ne3 Bb7 8. Nf3 Nd7
9. O-O c5 10. c3 cxd4 11. cxd4 Ngf6 12. e5 Nd5 13. Nxd5 Bxd5 14. Bd2 Qb6 15. a3
bxa3 16. bxa3 Be7 17. Qa4 Bc6 18. Qb4 Bxf3 19. Rxf3 dxe5 20. Qxb6 Nxb6 21. fxe5
O-O 22. a4 a5 23. Be4 Rad8 24. Bh6 Rxd4 25. Bxf8 Bxf8 26. Bc6 Nc4 27. Re1 Bc5
28. Kf1 Bb4 29. Re2 Rd1+ 30. Kf2 Bc5+ 31. Kg3 Nxe5 32. Rxe5 Bd6 0-1

[Event "Ramos Mejia Memorial"]
[Site "Buenos Aires"]
[Date "2009.03.20"]
[Round "9"]
[White "Nedilsky, Diego"]
[Black "Rodriguez Vila, Andres"]
[Result "0-1"]
[WhiteElo "2285"]
[BlackElo "2524"]
[PlyCount "65"]
[EventDate "2009.03.14"]
[EventType "tourn"]
[EventRounds "11"]
[EventCountry "ARG"]
[EventCategory "2"]
[SourceTitle "CBM 129 Extra"]
[Source "ChessBase"]
[SourceDate "2009.05.05"]
[SourceVersion "2"]
[SourceVersionDate "2009.05.20"]
[SourceQuality "1"]

1. d4 e6 2. c4 Nf6 3. Nc3 Bb4 4. e3 b6 5. Nge2 Ba6 6. a3 Be7 7. Nf4 d5 8. b3
O-O 9. Bd3 dxc4 10. bxc4 Nc6 11. Bb2 e5 12. Nfd5 exd4 13. exd4 Nxd4 14. O-O c5
15. Re1 Bd6 16. Nxf6+ Qxf6 17. Qh5 g6 18. Nd5 Qg7 19. Qh4 Nf3+ 20. gxf3 Qxb2
21. Ra2 Qg7 22. Nf6+ Kh8 23. Rae2 Rad8 24. Re8 Rdxe8 25. Nxe8 Qc3 26. Re3 Be5
27. Qe7 Bg7 28. Bxg6 Qxc4 29. Bd3 Qc1+ 30. Re1 Qxa3 31. Bxa6 Rg8 32. Nxg7 Rxg7+
33. Kh1 0-1

[Event "Ramos Mejia Memorial"]
[Site "Buenos Aires"]
[Date "2009.03.22"]
[Round "11"]
[White "Ginzburg, Maximiliano"]
[Black "Rodriguez Vila, Andres"]
[Result "0-1"]
[WhiteElo "2455"]
[BlackElo "2524"]
[PlyCount "86"]
[EventDate "2009.03.14"]
[EventType "tourn"]
[EventRounds "11"]
[EventCountry "ARG"]
[EventCategory "2"]
[SourceTitle "CBM 129 Extra"]
[Source "ChessBase"]
[SourceDate "2009.05.05"]
[SourceVersion "2"]
[SourceVersionDate "2009.05.20"]
[SourceQuality "1"]

1. e4 e6 2. d4 d5 3. exd5 exd5 4. Nf3 Bg4 5. c3 Nc6 6. Be2 Bd6 7. Nbd2 Nge7 8.
Nf1 f6 9. Ne3 Be6 10. O-O Qd7 11. b4 a6 12. b5 axb5 13. Bxb5 O-O 14. a4 Ng6 15.
c4 Qf7 16. c5 Be7 17. Nc2 Na5 18. Rb1 c6 19. Bd3 Bd8 20. Nce1 Bc7 21. Bc2 Qd7
22. Kh1 Rae8 23. Qd3 Bb8 24. g3 Bg4 25. Ng1 Ne7 26. Qc3 Nc4 27. f3 Bh3 28. Rf2
Nf5 29. Nxh3 Nxg3+ 30. Kg2 Nf5 31. Bxf5 Qxf5 32. Qd3 Qh5 33. Nc2 f5 34. f4 Rf6
35. Ng1 Rg6+ 36. Kh1 Qg4 37. Bd2 Re4 38. Ne3 Qh4 39. Nd1 Nxd2 40. Qxd2 Bxf4 41.
Qc3 Be3 42. Qe1 Bxf2 43. Qxf2 Re1 0-1

[Event "Mercosur Cup"]
[Site "Villa Martelli"]
[Date "2009.08.12"]
[Round "9"]
[White "Oliveira, Silvio Eduardo"]
[Black "Rodriguez Vila, Andres"]
[Result "1/2-1/2"]
[WhiteElo "2357"]
[BlackElo "2522"]
[PlyCount "63"]
[EventDate "2009.08.04"]
[EventType "tourn"]
[EventRounds "11"]
[EventCountry "ARG"]
[EventCategory "7"]
[SourceTitle "CBM 131 Extra"]
[Source "ChessBase"]
[SourceDate "2009.09.03"]
[SourceVersion "2"]
[SourceVersionDate "2009.09.16"]
[SourceQuality "1"]

1. e4 c5 2. Nf3 a6 3. c4 e6 4. d4 cxd4 5. Nxd4 b6 6. Nc3 Bb7 7. Bd3 d6 8. O-O
Nd7 9. f4 Be7 10. f5 e5 11. Nc2 Nc5 12. b4 Nxd3 13. Qxd3 Rc8 14. Ne3 Nf6 15.
Ba3 O-O 16. Rac1 b5 17. cxb5 Rxc3 18. Rxc3 Bxe4 19. Qe2 d5 20. bxa6 d4 21. Rd1
Qb6 22. Nc4 Qxa6 23. b5 Qxb5 24. Bxe7 dxc3 25. Bxf6 c2 26. Rc1 Bxf5 27. Qxe5
Qxc4 28. Qxf5 gxf6 29. Qxc2 Qxc2 30. Rxc2 Ra8 31. Kf2 Kg7 32. Kf3 1/2-1/2

[Event "Mercosur Cup"]
[Site "Villa Martelli"]
[Date "2009.08.14"]
[Round "11"]
[White "Trois, Francisco R Torres"]
[Black "Rodriguez Vila, Andres"]
[Result "0-1"]
[WhiteElo "2342"]
[BlackElo "2522"]
[PlyCount "56"]
[EventDate "2009.08.04"]
[EventType "tourn"]
[EventRounds "11"]
[EventCountry "ARG"]
[EventCategory "7"]
[SourceTitle "CBM 131 Extra"]
[Source "ChessBase"]
[SourceDate "2009.09.03"]
[SourceVersion "2"]
[SourceVersionDate "2009.09.16"]
[SourceQuality "1"]

1. d4 f5 2. Nf3 Nf6 3. g3 g6 4. c3 Bg7 5. Qb3 e6 6. Bg2 Nc6 7. Nbd2 O-O 8. O-O
b6 9. Ne5 Na5 10. Qc2 Bb7 11. f3 f4 12. Re1 Nd5 13. Ndc4 c5 14. Nxa5 bxa5 15.
gxf4 cxd4 16. cxd4 Qh4 17. Bd2 d6 18. Nd3 Bxd4+ 19. e3 Bb6 20. Kh1 Rf5 21. Re2
Rh5 22. h3 Qg3 23. Rf1 Nf6 24. Qd1 Ng4 25. fxg4 Rxh3+ 26. Kg1 Qh2+ 27. Kf2
Qxg2+ 28. Ke1 Qxf1+ 0-1

[Event "Buenos Aires Bolivar op 2nd"]
[Site "Buenos Aires"]
[Date "2009.08.24"]
[Round "1"]
[White "Rodriguez Vila, Andres"]
[Black "Vigil, Lucas"]
[Result "1-0"]
[WhiteElo "2522"]
[BlackElo "1942"]
[PlyCount "69"]
[EventDate "2009.08.24"]
[EventType "swiss"]
[EventRounds "9"]
[EventCountry "ARG"]
[SourceTitle "CBM 132 Extra"]
[Source "ChessBase"]
[SourceDate "2009.11.03"]
[SourceVersion "1"]
[SourceVersionDate "2009.11.03"]
[SourceQuality "1"]

1. e4 c5 2. Nc3 g6 3. h4 h5 4. d4 cxd4 5. Qxd4 Nf6 6. Bg5 Bg7 7. O-O-O Nc6 8.
Qd2 Qa5 9. Bc4 Qb4 10. Bb3 Nxe4 11. Nxe4 Qxe4 12. Nf3 O-O 13. Rhe1 Qf5 14. Rxe7
Nxe7 15. Bxe7 Re8 16. Bd6 Qf6 17. c3 Bf8 18. Ng5 Bxd6 19. Bxf7+ Kg7 20. Qxd6
Qxd6 21. Rxd6 Re1+ 22. Kd2 Rb1 23. Rxg6+ Kf8 24. Kc2 Rf1 25. Rf6 Ke7 26. Rf3 b5
27. Bxh5 Bb7 28. Rf7+ Kd6 29. Be2 Bxg2 30. Bxf1 Bxf1 31. h5 Rh8 32. Rh7 Rf8 33.
f3 Bg2 34. h6 Bxf3 35. Rf7 1-0

[Event "Buenos Aires Bolivar op 2nd"]
[Site "Buenos Aires"]
[Date "2009.08.25"]
[Round "2"]
[White "Quenallata, Luciano"]
[Black "Rodriguez Vila, Andres"]
[Result "0-1"]
[WhiteElo "2122"]
[BlackElo "2522"]
[PlyCount "70"]
[EventDate "2009.08.24"]
[EventType "swiss"]
[EventRounds "9"]
[EventCountry "ARG"]
[SourceTitle "CBM 132 Extra"]
[Source "ChessBase"]
[SourceDate "2009.11.03"]
[SourceVersion "1"]
[SourceVersionDate "2009.11.03"]
[SourceQuality "1"]

1. Nf3 f5 2. c4 Nf6 3. g3 d6 4. d4 g6 5. Nc3 Bg7 6. Bg2 O-O 7. O-O Nc6 8. d5
Na5 9. Nd2 c5 10. a3 Bd7 11. Qc2 Qc7 12. b3 a6 13. Bb2 b5 14. e4 Rab8 15. Rab1
bxc4 16. bxc4 Ng4 17. Nd1 Bxb2 18. Rxb2 f4 19. Rxb8 Qxb8 20. Qc3 Qd8 21. f3 Ne5
22. Nf2 e6 23. gxf4 Rxf4 24. Nh3 Rf8 25. f4 Ng4 26. e5 dxe5 27. fxe5 Rxf1+ 28.
Bxf1 exd5 29. cxd5 c4 30. Nxc4 Nxc4 31. Bxc4 Qb6+ 32. Kh1 Qb1+ 33. Kg2 Qe4+ 34.
Kg3 Ne3 35. e6 Qg4+ 0-1

[Event "Buenos Aires Bolivar op 2nd"]
[Site "Buenos Aires"]
[Date "2009.08.26"]
[Round "3"]
[White "Rodriguez Vila, Andres"]
[Black "Barrionuevo, Pablo"]
[Result "0-1"]
[WhiteElo "2522"]
[BlackElo "2327"]
[PlyCount "82"]
[EventDate "2009.08.24"]
[EventType "swiss"]
[EventRounds "9"]
[EventCountry "ARG"]
[SourceTitle "CBM 132 Extra"]
[Source "ChessBase"]
[SourceDate "2009.11.03"]
[SourceVersion "1"]
[SourceVersionDate "2009.11.03"]
[SourceQuality "1"]

1. Nf3 Nf6 2. e3 e6 3. b3 b6 4. d4 Bb7 5. Bd3 c5 6. O-O Be7 7. Bb2 O-O 8. Nbd2
Nc6 9. a3 Re8 10. Re1 Rc8 11. Rc1 Bf8 12. c4 cxd4 13. exd4 d5 14. Bb1 g6 15. c5
a5 16. Nf1 Nd7 17. Ne3 Rb8 18. Qd2 Ba8 19. Ng4 Bg7 20. Nh6+ Kf8 21. b4 axb4 22.
axb4 bxc5 23. Ng5 Bxh6 24. Nxe6+ Rxe6 25. Qxh6+ Kg8 26. Rxe6 fxe6 27. Bxg6 Nf8
28. dxc5 d4 29. Be4 Rxb4 30. Qd2 Ng6 31. Ra1 Bb7 32. Bxc6 Rxb2 33. Qxb2 Bxc6
34. Ra7 Nf8 35. Qb3 d3 36. Ra1 Qg5 37. g3 Qf5 38. Qd1 Bf3 39. Qd2 Ng6 40. Rb1
Qh3 41. Rb8+ Kf7 0-1

[Event "JAI op"]
[Site "Sao Caetano do Sul"]
[Date "2009.10.??"]
[Round "1"]
[White "Rodriguez Vila, Andres"]
[Black "Bittencourt, Jorge"]
[Result "1/2-1/2"]
[WhiteElo "2524"]
[BlackElo "2473"]
[PlyCount "28"]
[EventDate "2009.10.??"]
[EventType "swiss"]
[EventRounds "5"]
[EventCountry "BRA"]
[SourceTitle "EXT 2011"]
[Source "ChessBase"]
[SourceDate "2010.11.26"]
[SourceVersion "1"]
[SourceVersionDate "2010.11.26"]
[SourceQuality "1"]

1. f4 c5 2. Nf3 g6 3. g3 Bg7 4. Bg2 Nc6 5. O-O d6 6. e4 Nf6 7. d3 O-O 8. h3 b5
9. g4 Bb7 10. e5 Nd5 11. Ng5 dxe5 12. c4 bxc4 13. dxc4 Ndb4 14. a3 Qa5 1/2-1/2

[Event "JAI op"]
[Site "Sao Caetano do Sul"]
[Date "2009.10.??"]
[Round "2"]
[White "Fier, Alexandr"]
[Black "Rodriguez Vila, Andres"]
[Result "0-1"]
[WhiteElo "2590"]
[BlackElo "2524"]
[PlyCount "84"]
[EventDate "2009.10.??"]
[EventType "swiss"]
[EventRounds "5"]
[EventCountry "BRA"]
[SourceTitle "EXT 2011"]
[Source "ChessBase"]
[SourceDate "2010.11.26"]
[SourceVersion "1"]
[SourceVersionDate "2010.11.26"]
[SourceQuality "1"]

1. d4 Nf6 2. c4 e6 3. g3 c5 4. d5 exd5 5. cxd5 Bd6 6. Bg2 O-O 7. Nh3 Re8 8. O-O
Bf8 9. Nc3 d6 10. Bf4 Nbd7 11. e4 b5 12. Nxb5 Qb6 13. a4 Ne5 14. Bxe5 Rxe5 15.
f4 Rxe4 16. Bxe4 Bxh3 17. Bg2 Bxg2 18. Kxg2 a6 19. Na3 Qxb2+ 20. Rf2 Qb4 21.
Re2 c4 22. Qd4 Rc8 23. Rc2 Qb7 24. Rb1 Qxd5+ 25. Qxd5 Nxd5 26. Kf3 c3 27. Ke4
Nb4 28. Rxb4 d5+ 29. Kxd5 Bxb4 30. Nb1 h5 31. Kd4 h4 32. Nxc3 h3 33. Kd3 f5 34.
Nd5 Rxc2 35. Kxc2 Bc5 36. Kd3 Kf7 37. a5 Bf2 38. Ne3 Bxg3 39. Nxf5 Bxf4 40. Ke4
Bxh2 41. Kf3 Bc7 42. Nd4 g5 0-1

[Event "Villa Martelli Pro Am op 16th"]
[Site "Villa Martelli"]
[Date "2009.10.20"]
[Round "5"]
[White "Rodriguez Vila, Andres"]
[Black "Slipak, Sergio"]
[Result "1-0"]
[WhiteElo "2527"]
[BlackElo "2468"]
[PlyCount "79"]
[EventDate "2009.10.15"]
[EventType "swiss"]
[EventRounds "9"]
[EventCountry "ARG"]
[SourceTitle "CBM 132 Extra"]
[Source "ChessBase"]
[SourceDate "2009.11.03"]
[SourceVersion "1"]
[SourceVersionDate "2009.11.03"]
[SourceQuality "1"]

1. e4 c6 2. d4 d5 3. e5 Bf5 4. c3 e6 5. Be3 Qb6 6. Qd2 Nd7 7. Nf3 h6 8. Be2 Bh7
9. h4 Ne7 10. g4 c5 11. dxc5 Qc7 12. Na3 a6 13. b4 Nc6 14. O-O-O Ndxe5 15. Nxe5
Nxe5 16. Bf4 O-O-O 17. Qe3 f6 18. Bg3 g5 19. hxg5 hxg5 20. Kb2 Be7 21. Bxe5
Qxe5 22. Qxe5 fxe5 23. Rh6 Rdf8 24. f3 Bf6 25. b5 e4 26. bxa6 bxa6 27. Bxa6+
Kd7 28. Rdh1 Bg6 29. Rxh8 Bxh8 30. Rh6 Rg8 31. fxe4 Bxe4 32. Bb7 Bd3 33. Rh3
Bc4 34. Rh7+ Bg7 35. Nxc4 dxc4 36. a4 Kc7 37. Be4 Kb8 38. a5 Ka7 39. c6 Ka6 40.
c7 1-0

[Event "Buenos Aires Bolivar op 3rd"]
[Site "Buenos Aires"]
[Date "2010.06.29"]
[Round "5"]
[White "Rodriguez Vila, Andres"]
[Black "De Dovitiis, Alejo"]
[Result "1-0"]
[WhiteElo "2504"]
[BlackElo "2346"]
[PlyCount "51"]
[EventDate "2010.06.24"]
[EventType "swiss"]
[EventRounds "7"]
[EventCountry "ARG"]
[SourceTitle "EXT 2011"]
[Source "ChessBase"]
[SourceDate "2010.11.26"]
[SourceVersion "1"]
[SourceVersionDate "2010.11.26"]
[SourceQuality "1"]

1. e4 e6 2. d4 d5 3. e5 c5 4. c3 Nc6 5. Be3 Bd7 6. Nf3 Qb6 7. Qd2 cxd4 8. cxd4
Bb4 9. Nc3 Rc8 10. a3 Bxc3 11. Qxc3 Nge7 12. Rb1 Nf5 13. Qd3 Na5 14. Bd2 a6 15.
Bb4 Bb5 16. Qd1 Bxf1 17. Rxf1 Rc4 18. Bc5 Qb5 19. g4 Nxd4 20. Bxd4 Nb3 21. Be3
Re4 22. Qc2 Rc4 23. Qd3 d4 24. Nxd4 Rxd4 25. Qxb5+ axb5 26. Bxd4 1-0

[Event "Santos Paulista Absoluto"]
[Site "Santos"]
[Date "2010.08.19"]
[Round "1"]
[White "Aoyama, Edmundo"]
[Black "Rodriguez Vila, Andres"]
[Result "0-1"]
[WhiteElo "1932"]
[BlackElo "2508"]
[PlyCount "74"]
[EventDate "2010.08.19"]
[EventType "swiss"]
[EventRounds "7"]
[EventCountry "BRA"]
[SourceTitle "CBM 138 Extra"]
[Source "ChessBase"]
[SourceDate "2010.10.29"]
[SourceVersion "1"]
[SourceVersionDate "2010.10.29"]
[SourceQuality "1"]

1. Nf3 d6 2. g3 e5 3. d3 f5 4. Bg2 Be7 5. c4 Nf6 6. Nc3 O-O 7. b4 h6 8. Bb2 g5
9. Qc1 Rf7 10. h4 g4 11. Nh2 Bf8 12. Nd5 Nh5 13. d4 c6 14. dxe5 cxd5 15. Bxd5
dxe5 16. Qd2 Qe7 17. Bxf7+ Kxf7 18. a3 Nc6 19. Nf1 Nd4 20. Qd3 Be6 21. Bxd4
exd4 22. Rc1 a5 23. c5 axb4 24. axb4 Bd5 25. Qxf5+ Nf6 26. Rg1 Be4 27. Qf4 Ra2
28. Nd2 Bd3 29. e3 dxe3 30. fxe3 Kg8 31. Qd4 Bb5 32. Rg2 Bg7 33. Rf2 Kh8 34.
Rf5 Nd5 35. Qe4 Qxe4 36. Nxe4 Re2+ 37. Kd1 Nxe3# 0-1

[Event "Santos Paulista Absoluto"]
[Site "Santos"]
[Date "2010.08.20"]
[Round "2"]
[White "Rodriguez Vila, Andres"]
[Black "Quintiliano Pinto, Renato Rodrigues"]
[Result "1-0"]
[WhiteElo "2508"]
[BlackElo "2183"]
[PlyCount "66"]
[EventDate "2010.08.19"]
[EventType "swiss"]
[EventRounds "7"]
[EventCountry "BRA"]
[SourceTitle "CBM 138 Extra"]
[Source "ChessBase"]
[SourceDate "2010.10.29"]
[SourceVersion "1"]
[SourceVersionDate "2010.10.29"]
[SourceQuality "1"]

1. e4 c5 2. Nc3 Nc6 3. Nge2 g6 4. d4 cxd4 5. Nxd4 Bg7 6. Nb3 Bxc3+ 7. bxc3 Nf6
8. Bd3 d5 9. exd5 Qxd5 10. O-O O-O 11. c4 Qd6 12. c5 Qc7 13. Re1 Rd8 14. Qe2
Be6 15. Bb2 Rd5 16. h3 Rh5 17. Qf3 Bd5 18. Qe3 Rc8 19. Be2 Rh4 20. Qg5 Rf4 21.
Bd3 Rd8 22. Rad1 Be4 23. Qg3 Nh5 24. Qh2 Bxd3 25. cxd3 f5 26. Bc1 e5 27. Bxf4
Nxf4 28. Qg3 a5 29. a4 Nd4 30. Nxd4 Rxd4 31. Qe3 Rd5 32. d4 e4 33. f3 exf3 1-0

[Event "Santos Paulista Absoluto"]
[Site "Santos"]
[Date "2010.08.20"]
[Round "3"]
[White "Marra, Eduardo da Costa"]
[Black "Rodriguez Vila, Andres"]
[Result "1-0"]
[WhiteElo "2268"]
[BlackElo "2508"]
[PlyCount "129"]
[EventDate "2010.08.19"]
[EventType "swiss"]
[EventRounds "7"]
[EventCountry "BRA"]
[SourceTitle "CBM 138 Extra"]
[Source "ChessBase"]
[SourceDate "2010.10.29"]
[SourceVersion "1"]
[SourceVersionDate "2010.10.29"]
[SourceQuality "1"]

1. e4 e5 2. Nf3 Nc6 3. d4 exd4 4. Nxd4 Nf6 5. Nxc6 bxc6 6. e5 Qe7 7. Qe2 Nd5 8.
c4 Nb6 9. Nc3 Qe6 10. Qe4 g6 11. Bd3 Ba6 12. b3 Bg7 13. Bb2 Qxe5 14. O-O-O
O-O-O 15. Qxe5 Bxe5 16. c5 Bxd3 17. Rxd3 Nd5 18. Nxd5 Bxb2+ 19. Kxb2 cxd5 20.
Rxd5 Rhe8 21. Rhd1 Kb7 22. R1d2 Kc6 23. b4 Re4 24. Kc3 a5 25. a3 f5 26. R5d4
Rxd4 27. Rxd4 Rb8 28. Kc4 axb4 29. axb4 d6 30. cxd6 cxd6 31. Rd2 Rb7 32. Ra2
d5+ 33. Kc3 Re7 34. Ra6+ Kb7 35. Ra2 Re4 36. f3 Rc4+ 37. Kb3 Rc1 38. Rd2 Rb1+
39. Kc2 Rg1 40. Kc3 Kc6 41. Ra2 Rc1+ 42. Kb3 Rh1 43. h3 Kd6 44. Re2 Rg1 45. Kc3
g5 46. Rb2 Rc1+ 47. Kd2 Rc6 48. Kd3 Ke5 49. Re2+ Kf4 50. b5 Rb6 51. Rb2 Ke5 52.
Rb4 f4 53. Rb2 h6 54. Rb4 d4 55. Kc4 Rd6 56. b6 d3 57. b7 d2 58. Rb1 Rd8 59.
Kc5 Ke6 60. Rd1 Ke7 61. Kb6 Rd3 62. b8=Q Rb3+ 63. Ka7 Ra3+ 64. Kb7 Rb3+ 65. Kc8
1-0

[Event "Santos Paulista Absoluto"]
[Site "Santos"]
[Date "2010.08.21"]
[Round "4"]
[White "Rodriguez Vila, Andres"]
[Black "Gimenez, Jayme Augusto"]
[Result "1-0"]
[WhiteElo "2508"]
[BlackElo "2144"]
[PlyCount "77"]
[EventDate "2010.08.19"]
[EventType "swiss"]
[EventRounds "7"]
[EventCountry "BRA"]
[SourceTitle "CBM 138 Extra"]
[Source "ChessBase"]
[SourceDate "2010.10.29"]
[SourceVersion "1"]
[SourceVersionDate "2010.10.29"]
[SourceQuality "1"]

1. e4 c5 2. Nc3 Nc6 3. g3 g6 4. d3 Bg7 5. Be3 d6 6. Qd2 e5 7. Nd5 Nce7 8. c4
Nxd5 9. cxd5 f5 10. f3 h6 11. h4 Nf6 12. O-O-O Bd7 13. Kb1 a5 14. h5 g5 15. f4
gxf4 16. gxf4 Ng4 17. fxe5 Nxe3 18. Qxe3 Bxe5 19. Nf3 Qf6 20. d4 cxd4 21. Nxd4
f4 22. Qg1 Bxd4 23. Rxd4 Ke7 24. Qf2 Rhg8 25. Rc4 Rac8 26. Rxc8 Bxc8 27. Qb6
Qe5 28. Bd3 Rg2 29. Rc1 Bd7 30. a3 Rd2 31. Rc7 Rxd3 32. Qb5 Rd1+ 33. Ka2 Kf6
34. Qxd7 Kg5 35. Qh3 Rd2 36. Rxb7 a4 37. Rb8 Kf6 38. Qd7 Kg5 39. Rg8+ 1-0

[Event "Santos Paulista Absoluto"]
[Site "Santos"]
[Date "2010.08.20"]
[Round "5"]
[White "Freitas, Romeu Salvador"]
[Black "Rodriguez Vila, Andres"]
[Result "0-1"]
[WhiteElo "2145"]
[BlackElo "2508"]
[PlyCount "55"]
[EventDate "2010.08.19"]
[EventType "swiss"]
[EventRounds "7"]
[EventCountry "BRA"]
[SourceTitle "CBM 138 Extra"]
[Source "ChessBase"]
[SourceDate "2010.10.29"]
[SourceVersion "1"]
[SourceVersionDate "2010.10.29"]
[SourceQuality "1"]

1. d4 d6 2. Nf3 f5 3. g3 Nf6 4. Bg2 g6 5. O-O Bg7 6. c4 O-O 7. Nc3 h6 8. Re1 g5
9. e4 Nxe4 10. Nxe4 fxe4 11. Rxe4 Bf5 12. Re1 Qd7 13. Bd2 Bg4 14. Bc3 Qf5 15.
Re3 Nc6 16. Qd2 e6 17. Rae1 d5 18. cxd5 exd5 19. b3 Rad8 20. h4 gxh4 21. Nxh4
Qf6 22. Qc2 h5 23. Bf3 Nxd4 24. Bxd4 Qxd4 25. Qxc7 Bxf3 26. Nxf3 Qg4 27. Ne5
Qf5 28. Nd3 0-1

[Event "Santos Paulista Absoluto"]
[Site "Santos"]
[Date "2010.08.22"]
[Round "6"]
[White "Rodriguez Vila, Andres"]
[Black "Bispo, Leonardo"]
[Result "1-0"]
[WhiteElo "2508"]
[BlackElo "2158"]
[PlyCount "107"]
[EventDate "2010.08.19"]
[EventType "swiss"]
[EventRounds "7"]
[EventCountry "BRA"]
[SourceTitle "CBM 138 Extra"]
[Source "ChessBase"]
[SourceDate "2010.10.29"]
[SourceVersion "1"]
[SourceVersionDate "2010.10.29"]
[SourceQuality "1"]

1. d4 Nf6 2. Nf3 g6 3. e3 Bg7 4. c4 d5 5. Be2 O-O 6. O-O a6 7. cxd5 Nxd5 8. e4
Nf6 9. Qc2 b5 10. Bf4 Bb7 11. Nbd2 c6 12. Rfd1 Nbd7 13. Rac1 Rc8 14. Nb3 Nh5
15. Bd2 Nhf6 16. Ba5 Qe8 17. Nc5 Nxc5 18. dxc5 e5 19. Rd6 Ra8 20. Rcd1 Qe7 21.
Qd3 Qe8 22. g3 h6 23. Nh4 Bc8 24. b3 Be6 25. f3 Nh7 26. Qe3 Bf6 27. Ng2 Bg5 28.
f4 exf4 29. gxf4 Be7 30. R6d2 Ra7 31. Bf3 Rd7 32. Bc3 Rxd2 33. Rxd2 Bh3 34. Qd4
Bf6 35. e5 Be7 36. b4 Qc8 37. Qe4 Qe6 38. Ne3 Rc8 39. Bd1 Bf5 40. Nxf5 Qxf5 41.
Qxf5 gxf5 42. Rd7 Rd8 43. Rxd8+ Bxd8 44. Bf3 Nf8 45. Bxc6 Ne6 46. Bd2 Kg7 47.
Bd7 Kg6 48. Bc8 Nc7 49. Kg2 Be7 50. Kf3 a5 51. bxa5 Bxc5 52. Be3 Bxe3 53. Kxe3
Nd5+ 54. Kf3 1-0

[Event "Bogota McGregor op 1st"]
[Site "Bogota"]
[Date "2010.12.03"]
[Round "1"]
[White "Dabraccio, Guillermo"]
[Black "Rodriguez Vila, Andres"]
[Result "0-1"]
[WhiteElo "1724"]
[BlackElo "2556"]
[PlyCount "72"]
[EventDate "2010.12.03"]
[EventType "swiss"]
[EventRounds "10"]
[EventCountry "COL"]
[SourceTitle "CBM 139 Extra"]
[Source "ChessBase"]
[SourceDate "2011.01.05"]
[SourceVersion "1"]
[SourceVersionDate "2011.01.05"]
[SourceQuality "1"]

1. c4 d6 2. g3 g6 3. Bg2 Bg7 4. Nc3 e5 5. Nf3 f5 6. d3 Nf6 7. Bg5 c6 8. b4 h6
9. Bxf6 Qxf6 10. e4 g5 11. Nd2 f4 12. Qh5+ Kd8 13. Bh3 Na6 14. Bxc8 Rxc8 15.
Rb1 Nc7 16. O-O Ne6 17. Nf3 Bf8 18. b5 Rh7 19. bxc6 bxc6 20. Rb2 Rf7 21. Kg2
Qg7 22. Rfb1 Nc5 23. Ne1 Qf6 24. Qg4 fxg3 25. hxg3 Ne6 26. Nd1 Qg6 27. Ne3 h5
28. Qd1 Nc5 29. Qd2 g4 30. Qa5+ Rfc7 31. Nf5 d5 32. Rb8 Qe6 33. Rxc8+ Kxc8 34.
cxd5 cxd5 35. Rc1 dxe4 36. dxe4 Qc6 0-1

[Event "Bogota McGregor op 1st"]
[Site "Bogota"]
[Date "2010.12.04"]
[Round "3"]
[White "Alvarez, Amaury"]
[Black "Rodriguez Vila, Andres"]
[Result "1/2-1/2"]
[WhiteElo "2131"]
[BlackElo "2556"]
[PlyCount "60"]
[EventDate "2010.12.03"]
[EventType "swiss"]
[EventRounds "10"]
[EventCountry "COL"]
[SourceTitle "CBM 139 Extra"]
[Source "ChessBase"]
[SourceDate "2011.01.05"]
[SourceVersion "1"]
[SourceVersionDate "2011.01.05"]
[SourceQuality "1"]

1. e4 e6 2. Nf3 d5 3. exd5 exd5 4. d4 Bd6 5. Bd3 Bg4 6. O-O Ne7 7. c3 Nd7 8.
Nbd2 c6 9. Re1 Qc7 10. Qa4 Bh5 11. b4 O-O 12. Qc2 Bg6 13. Nf1 a5 14. Bg5 f6 15.
Bd2 axb4 16. cxb4 Nb6 17. Bxg6 hxg6 18. a4 Nc4 19. Bc3 Kf7 20. Ne3 Nxe3 21.
Rxe3 Nf5 22. Re2 Rfe8 23. Rae1 Rxe2 24. Qxe2 Be7 25. Qe6+ Kf8 26. g4 Qf4 27.
gxf5 Qg4+ 28. Kf1 Qh3+ 29. Kg1 Qg4+ 30. Kf1 Qh3+ 1/2-1/2

[Event "Bogota McGregor op 1st"]
[Site "Bogota"]
[Date "2010.12.08"]
[Round "7"]
[White "Zuluaga Mancilla, Cesar"]
[Black "Rodriguez Vila, Andres"]
[Result "0-1"]
[WhiteElo "2316"]
[BlackElo "2556"]
[PlyCount "70"]
[EventDate "2010.12.03"]
[EventType "swiss"]
[EventRounds "10"]
[EventCountry "COL"]
[SourceTitle "CBM 139 Extra"]
[Source "ChessBase"]
[SourceDate "2011.01.05"]
[SourceVersion "1"]
[SourceVersionDate "2011.01.05"]
[SourceQuality "1"]

1. d4 e6 2. Nf3 c5 3. c3 Nf6 4. Bf4 b6 5. e3 Be7 6. Nbd2 Bb7 7. Bd3 Nc6 8. h3
O-O 9. O-O cxd4 10. exd4 Nd5 11. Bh2 f5 12. Re1 Rf6 13. Rc1 d6 14. c4 Nc7 15.
Bf1 Qd7 16. Nb1 f4 17. Nc3 Kh8 18. a3 Raf8 19. d5 exd5 20. cxd5 Ne5 21. Nxe5
dxe5 22. Rxe5 Bd6 23. Rg5 f3 24. Bxd6 Rxd6 25. g3 Nxd5 26. Nxd5 Bxd5 27. Qc2
Be6 28. h4 h6 29. Re5 Rd2 30. Qe4 Rf6 31. Re1 Rxf2 32. Rxe6 Rxf1+ 33. Kxf1 Qb5+
34. Kf2 Qxb2+ 35. Ke3 Qc3+ 0-1